000 00247nam a2200097Ia 4500
001 806381
005 20250826171210.0
008 250824s9999 xx 000 0 und d
245 0 _aKARANLIĞA OKUNAN EZANLAR
_cNİHAT GENÇ
260 _bPANAMA YAYINLARI
999 _c806381
_d806381